A REpont rendszer és a termékregisztráció, termékauditálás folyamata

Bibliográfiai részletek
Szerző: Mártonyi Péter
További közreműködők: Domboróczky Dr. Zoltán
Dokumentumtípus: Projektmunka
Kulcsszavak:betétdíj
DRS
hulladék újrahasznosítás
kötelező visszaváltás
RePont
Online Access:http://dolgozattar.uni-bge.hu/59704

MARC

LEADER 00000nnm a2200000 i 4500
001 dolg59704
005 20260409145442.0
008 260409suuuu hu o 000 hun d
040 |a BGE Dolgozattár Repozitórium  |b hun 
041 |a hu 
100 1 |a Mártonyi Péter 
245 1 2 |a A REpont rendszer és a termékregisztráció, termékauditálás folyamata  |c Mártonyi Péter  |h [elektronikus dokumentum] 
516 |a Project_work 
520 3 |a Projektmunkámban a REpont rendszert mutatom be. Először azt vizsgáltam, hogy működik a kötelező visszaváltási rendszer külföldön, utána a MOHU Hulladékgazdálkodási Zrt mutatom be. Részletesen leírtam a termékregisztráció folyamatát, hogy milyen folyamatok vezetnek oda, hogy az REpont automata elfogadja a palackot/üveget. Bemutatom a termékregisztráció folyamatát, külön elemeztem az EPR és a DRS regisztrációt, a folyamat végén a termékauditálás van. Ha sikeres az audit a termék forgalomba kerülhet, ha nem, akkor változtat, hogy árusítható legyen és az automata elfogadja. Kérdőíves kutatást végeztem, hogy az emberek elégedettek a kötelező visszaváltási rendszerrel, milyen gyakran tapasztalt, találkoztak-e már problémával a visszaváltással, van-e a lakóhelyükön automata/kézi visszaváltási lehetőség illetve milyen fejlesztési beállítások/gyenge pontokat látnak a rendszerben. 
695 |a betétdíj 
695 |a DRS 
695 |a hulladék újrahasznosítás 
695 |a kötelező visszaváltás 
695 |a RePont 
700 1 |a Domboróczky Dr. Zoltán  |e ths 
856 4 0 |u http://dolgozattar.uni-bge.hu/59704/1/Repont%20rendszer.pdf  |z Dokumentum-elérés 
856 4 0 |u http://dolgozattar.uni-bge.hu/59704/2/M%C3%A1rtonyi_P%C3%A9ter_KM%20FOSZK%20b%C3%ADr%C3%A1lati%20lap.pdf  |z Dokumentum-elérés